Normal view MARC view

Entry Topical Term

Number of records used in: 1

001 - CONTROL NUMBER

  • control field: 72879

003 - CONTROL NUMBER IDENTIFIER

  • control field: dpl

005 - DATE AND TIME OF LATEST TRANSACTION

  • control field: 20241016144845.0

008 - FIXED-LENGTH DATA ELEMENTS

  • fixed length control field: 241016|| aca||aabn | a|a d

040 ## - CATALOGING SOURCE

  • Original cataloging agency: dpl
  • Transcribing agency: dpl

150 ## - HEADING--TOPICAL TERM

  • Topical term or geographic name as entry element: बच्चों के लिए सचित्र ज्ञानपरक लेख

670 ## - SOURCE DATA FOUND

  • Source citation: Work cat.: (dpl)205673: सरताज, बानो 72878, समन्दर की दुनिया /, 2022

© Delhi Public Library
Hit Counter
free hit counter